00568nam a2200169Ia 4500008004100000020001800041041000800059082001600067100003900083245004200122250000700164260003400171300002400205650002500229999001900254952012500273210716s2011 xx 000 0 und d a9788131500026 aeng a658.15 BRIE aBrigham, Eugene F;Houston, Joel F. aFundamentals of financial management. a13 aU S AbCengage Learningc2011 axxiii,733,I-12/2015 aFinancial Management c210048d210048 001040708MBAaAIMITbAIMITd2017-02-28g750.00l0o658.15 BRIEpMBA12614r2026-05-23 00:00:00v600.00w2021-07-16yBK